000 00319nam a22001457a 4500
020 _a81-88008-00-1
082 _a920
_bMEN/S
100 _aMENON,A.K
245 _aSUBHASH CHANDRA BOSE
250 _aFIRST
260 _aMEERUT
_bVARUN PUBLISHING HOUSE
_c2011
300 _a96
650 _aBIOGRAPHY
_zINDIA
942 _cBK
999 _c5982
_d5982